| 000 | 01180nam a2200289 i 4500 | ||
|---|---|---|---|
| 001 | bg | ||
| 100 | 1 | _aSZCZEPAŃSKI, Stanisław | |
| 245 | 1 | 0 |
_aDeterminanty wyboru studiów na Wydziale Wychowania Fizycznego i Fizjoterapii / _cStanisław Szczepański. |
| 260 |
_aOpole : _bOficyna Wydawnicza PO, _c2004. |
||
| 300 |
_a118 s. : _bwykr. ; _c24 cm. |
||
| 490 | 1 |
_aStudia i Monografie / [Politechnika Opolska], _x1429-6063 ; _vz. 161 |
|
| 500 | _aStreszcz. ang. | ||
| 504 | _aBibliogr. s. 85-87. | ||
| 610 | 2 | 9 |
_aPolitechnika Opolska. _yod 1989 r. |
| 650 | 9 |
_aStudenci _xpsychologia _zPolska _yod 1989 r. |
|
| 650 | 9 |
_aStudenci _xsocjologia _zPolska _yod 1989 r. |
|
| 650 | 9 |
_aWybór kierunku kształcenia _xpsychologia _zPolska _yod 1989 r. |
|
| 650 | 9 |
_aWybór kierunku kształcenia _xsocjologia _zPolska _yod 1989 r. |
|
| 651 | 9 |
_aOpole (woj. opolskie) _xszkolnictwo wyższe _yod 1989 r. |
|
| 830 | 0 |
_aStudia i Monografie ([Politechnika Opolska]) ; _vz. 161 |
|
| 015 | _aPB 7526/2005 | ||
| 040 | _cBPK | ||
| 041 | 0 |
_apol _beng |
|
| 080 | _a316.346.3:159.947:316.6]-057.875(438)"1989/...":378.662.096 (438)"1989/..." | ||
| 942 | _cKS | ||
| 008 | s pl f |000 0 pol | ||
| 999 |
_c46315 _d46315 |
||
| 856 |
_uhttp://koha.tu.koszalin.pl/cgi-bin/koha/opac-detail.pl?biblionumber=46315 _yKatalog online BPK |
||